Myšlienka darcovstva sa posunula do pozitívnej roviny zhovárame sa s MUDr. Robertom Rolandom, prezidentom Slovenskej transplantologickej spoločnosti

Bibliographic Details
Main Author: Roland, Robert (Author)
Format: Article
Language:Slovak
PhysicalDescription:Fotogr.
ISSN:1335-4477
Subjects:

MARC

LEADER 00000nab a2200000 a 4500
001 vtls008692609
003 SK-MaSNL
005 20260304212041.0
008 140303c2006 xo wrzp 0 0slo
015 |a SNBRB2006/04  |2 snkbucl 
040 |a SNKBUCL  |b slo  |c SNKBUCL  |e AACR2 
041 0 |a slo 
044 |a xo  |c SK 
080 |a 616-089.843  |2 1997 
100 1 |a Roland, Robert  |4 aut  |9 11976 
245 1 0 |a Myšlienka darcovstva sa posunula do pozitívnej roviny  |b zhovárame sa s MUDr. Robertom Rolandom, prezidentom Slovenskej transplantologickej spoločnosti  |c [zhováral sa] (jps) 
300 |b Fotogr. 
650 0 7 |a transplantácia  |2 snkbucl  |9 2609 
650 0 7 |a darcovstvo orgánov a tkanív  |2 snkbucl  |9 159334 
773 0 |t Zdravotnícke noviny  |g Roč. XI, č. 1 (2006), s. 6  |x 1335-4477 
852 |a SNK  |b KIS3GCP 
958 |a ME 
958 |a SK 
999 |c 3129752  |d 3131682